Hotovostní platby ustupují

Možnosti využívania jednej platobnej karty v celej EÚ. Zavedenie jednotnej EURO platobnej zóny (SEPA). Informovanosť spotrebiteľov o SEPA. Používanie debetných kariet v zmysle podpory SEPA. Ústup hotovostných platieb. Zlepšenie riadenia financií v dôsledku používania debetných kariet.

Enregistré dans:
Détails bibliographiques
Format: Chapitre de livre
Langue:tchèque
Sujets:
Tags: Ajouter un tag
Pas de tags, Soyez le premier à ajouter un tag!

MARC

LEADER 00000naa$a2200000$$$4500
001 0056412
005 20231010094319.7
041 0 |a cze 
044 |a CZ 
245 1 0 |a Hotovostní platby ustupují 
520 |a Možnosti využívania jednej platobnej karty v celej EÚ. Zavedenie jednotnej EURO platobnej zóny (SEPA). Informovanosť spotrebiteľov o SEPA. Používanie debetných kariet v zmysle podpory SEPA. Ústup hotovostných platieb. Zlepšenie riadenia financií v dôsledku používania debetných kariet. 
610 2 0 |a Európa 
610 2 0 |a karty platobné 
610 2 0 |a zóny 
610 2 0 |a spotrebitelia 
610 2 0 |a riadenie finančné 
610 2 0 |a platby bezhotovostné